000 01168nam a2200253Ia 4500
003 OSt
005 20220923211145.0
006 a|||||r|||| 00| 0
007 ta
008 220922b |||||||| |||| 00| 0 hin d
020 _a8186684980 (hbk (Set))
_c950
024 _a245,468
037 _b368, 11/02/2011, Swaraj Prakashan
_cTextual
040 _aARTS
_cARTS
_bhin
041 _2hin
_ahin
082 _aW3v1, 152P2.1-.2
100 _aब्लाख, मार्क; मिश्र, कृष्णकान्त, अनु.
_9158870
245 0 _aसामंती समाज* परतंत्रता के बंधनों का विकास, कृष्णकान्त मिश्र अनु
246 _aSāhintī samāja: paratantratā ke bandhanoan kā vikāsa, kṛuṣhṇakānta mishra anu0
260 _aनयी दिल्ली
_b ग्रंथ शिल्पी
_c2002
490 _vभाग 1
942 _hW3v1, 152P2.1-.2
_cTEXL
_2CC
999 _c296076
_d296076